Les sept sommets - Statistiques

Statistiques générales
  • Ce quiz a été pris 57 fois
  • Le résultat moyen est 3 sur 7
Statistiques - réponses
Hint Réponse % Correct
Asie Everest
94%
Afrique Kilimandjaro
71%
Europe Elbrouz
50%
Amérique du Sud Aconcagua
44%
Amérique du Nord Denali
44%
Antarctique Massif Vinson
10%
Océanie Puncak Jaya
10%
Aucun quiz correspondant
Distribution des résultats
% des personnes avec chaque résultat
Percentile par nombre de réponses
Votre historique - résultats
Vous n’avez pas pris ce quiz